Georgia Cities Quiz Stats

 Plays Quiz Updated Aug 22, 2021

     
Support Sporcle.
Go Orange.
Score 0/20 Timer 06:00
1 Play Today
Rank City % Correct
1Atlanta
99.7%
5Savannah
81.6%
6Athens-Clarke
67.8%
4Macon-Bibb
65.5%
3Augusta-Richmond
64%
2Columbus
51%
14Marietta
44.9%
17Valdosta
40.5%
13Alpharetta
31.9%
12Albany
29.5%
Rank City % Correct
9Roswell
26.1%
7Sandy Springs
24.7%
11Warner Robins
20.4%
8South Fulton
17.2%
16Smyrna
17%
10Johns Creek
14.4%
18Brookhaven
10.6%
15Stonecrest
7.8%
19Dunwoody
7.2%
20Newnan
3.2%

From the Vault

Finish the TV Show Titles (2000s)

by LTH

And yet, no Finnish TV shows were included in this quiz.
Remove Ads.
Support Sporcle.
Get the best of Sporcle when you Go Orange. This ad-free experience offers more features, more stats, and more fun while also helping to support Sporcle. Thank you for becoming a member.

Show Comments

Extras

Top Quizzes Today


Score Distribution

Your Account Isn't Verified!

In order to create a playlist on Sporcle, you need to verify the email address you used during registration. Go to your Sporcle Settings to finish the process.

Report this User

Report this user for behavior that violates our Community Guidelines.

Details: